The public library finance / (Record no. 134060)

MARC details
000 -LEADER
fixed length control field 00738nam a22002297a 4500
005 - DATE AND TIME OF LATEST TRANSACTION
control field 20170124110220.0
010 ## - LIBRARY OF CONGRESS CONTROL NUMBER
LC control number A-423325
020 ## - INTERNATIONAL STANDARD BOOK NUMBER
International Standard Book Number 8170001153
Terms of availability 200.00
035 ## - SYSTEM CONTROL NUMBER
System control number A-423325
037 ## - SOURCE OF ACQUISITION
Source of stock number/acquisition Cen Lib/ Ret
040 ## - CATALOGING SOURCE
Original cataloging agency DPL
Language of cataloging EN
082 ## - DEWEY DECIMAL CLASSIFICATION NUMBER
Classification number 025.11
Item number NAI
100 ## - MAIN ENTRY--PERSONAL NAME
Personal name Naidu, N. Guruswamy
9 (RLIN) 39670
245 ## - TITLE STATEMENT
Title The public library finance /
Statement of responsibility, etc by N. Guruswamy Naidu
260 ## - PUBLICATION, DISTRIBUTION, ETC. (IMPRINT)
Place of publication, distribution, etc New Delhi
Name of publisher, distributor, etc Ess Ess Publications
Date of publication, distribution, etc 1990
270 ## - ADDRESS
City New Delhi
Address 4837/24, ansari road, dariya ganj
Postal code 110002
300 ## - PHYSICAL DESCRIPTION
Extent 230p.
Dimensions 21cm(Hb)
500 ## - GENERAL NOTE
General note Includes appendix, bibliographical references and index
650 ## - SUBJECT ADDED ENTRY--TOPICAL TERM
Topical term or geographic name as entry element Public libraries
General subdivision
9 (RLIN) 39671
650 ## - SUBJECT ADDED ENTRY--TOPICAL TERM
Topical term or geographic name as entry element Library finance
9 (RLIN) 39672
942 ## - ADDED ENTRY ELEMENTS (KOHA)
Source of classification or shelving scheme Dewey Decimal Classification
Koha item type English Books
Classification part 025.11
Call number suffix NAI
Holdings
Withdrawn status Lost status Damaged status Not for loan Collection code Home library Current library Date acquired Source of acquisition Cost, normal purchase price Total Checkouts Full call number Barcode Date last seen Copy number Cost, replacement price Price effective from Koha item type
      Not For Loan Reference Central Library Central Library 28/07/2015 Cen Lib/Ret 200.00   025.11 NAI A-423325 28/07/2015 1 200.00 28/07/2015 English Books

© Delhi Public Library
Hit Counter
free hit counter